000 00686nam a2200205 a 4500
001 000037211
005 20200930080218.0
008 120305s1971 mx 000 0 spa d
040 _aDO-SdBNP
_bspa
_cBNPHU
082 _axxxx
_bE36p
100 1 _aEiserer, Paul E.
_963627
245 1 3 _aEl psicólogo escolar. /
_cPaul E. Eiserer ; traducción Lydia Chami.
260 _aMéxico, :
_bCentro regional de ayuda técnica,
_c1971.
300 _a148 p. ;
_c22 cm.
490 1 _aBiblioteca de la nueva educación
504 _aBibliografía p: 139-140
500 _aIncluye Glosario p: 141-146
700 1 _aChami, Lydia
_etrad.
_963628
830 0 _aBiblioteca de la nueva educación
_948866
999 _c36701
_d36701